Statistics for Fictional Doctors

Click here to take the quiz!

General Stats

  • This quiz has been taken 57 times
  • The average score is 14 of 29

Answer Stats

HintAnswer% Correct
British sci-fi TV series involving time travel that has a cult followingDoctor Who
83%
Sherlock Holmes' sidekickDr. Watson
79%
Cynical TV doctor played by Hugh LaurieDr. Gregory House
77%
Archeologist and adventurer who goes by the nickname "Indiana" or "Indy" for shortDr. Henry Walton Jones Jr.
70%
1962 James Bond movie with Sean ConneryDr. No
70%
Young scientist who brought a grotesque humanoid creature to lifeDr. Frankenstein
68%
19th century doctor who could speak to animalsDr. John Dolittle
68%
This children's book author is included here because, while he was a real person, he was not a real doctor.Dr. Seuss
68%
Cannibalistic serial killer most famously featured in "The Silence of the Lambs"Dr. Hannibal Lecter
66%
"The Strange Case of Dr. _____ and Mr. Hyde"Dr. Jekyll
66%
USS Enterprise doctor, also known as "Bones"Dr. Leonard McCoy
64%
"How I Learned to Stop Worrying and Love the Bomb"Dr. Strangelove
62%
Female FBI agent and physician in The X-FilesDr. Dana Scully
60%
Austin Powers antagonist played by Mike MyersDr. Evil
55%
Originally a character on "Cheers", this psychiatrist got his own spin-off seriesDr. Frasier Crane
55%
Russian physician portrayed by Omar Sharif in the 1965 movie adaptationDoctor Zhivago
53%
Wunderkind TV doctor played by Neil Patrick HarrisDr. Douglas "Doogie" Howser
45%
Mad scientist who created animal-human hybrids on his secluded islandDoctor Moreau
38%
Eccentric inventor of the time machine in "Back to the Future"Dr. Emmett Brown
38%
Male lead character in George Bernard Shaw's play "Pygmalion"Dr. Henry Higgins
30%
Chief medical officer in Star Trek: The Next GenerationDr. Beverly Crusher
28%
1920 silent horror film: "The Cabinet of Dr. _____"Dr. Caligari
26%
Nintendo falling-block puzzle gameDr. Mario
21%
Evil mastermind known for his iconic long thin drooping mustacheDr. Fu Manchu
17%
Inspector Gadget's nemesisDr. George Claw
17%
Jeff Goldblum's character in the Jurassic Park film seriesDr. Ian Malcolm
17%
Main protagonist in "Scrubs" played by Zach BraffDr. John "J.D." Dorian
11%
Criminal genius and master of disguise first featured in a 1922 silent filmDoctor Mabuse
6%
Robin Williams played this fictionalized version of Oliver Sacks in "Awakenings"Dr. Malcolm Sayer
6%

Score Distribution

Percentile by Number Answered

Percent of People with Each Score

Your Score History

You have not taken this quiz